Sports Quiz

Random Sports or City Quiz

National Lacrosse League Cities Quiz Stats

 Plays Quiz not verified by Sporcle

Challenge
Share
Tweet
Embed
Score 0/11 Timer 03:00
0 Plays Today
Division City % Correct
EasternBoston Blazers
91.6%
WesternColorado Mammoth
86.6%
EasternToronto Rock
86%
EasternPhiladelphia Wings
79.3%
WesternWashington Stealth
69.3%
EasternBuffalo Bandits
68.7%
WesternCalgary Roughnecks
59.2%
WesternMinnesota Swarm
58.7%
EasternRochester Knighthawks
57.5%
EasternOrlando Titans
52.5%
WesternEdmonton Rush
51.4%

You're not logged in!

Compare scores with friends on all Sporcle quizzes.
OR
Log In

You Might Also Like...

Show Comments

Extras

Top Quizzes Today


Score Distribution

Your Account Isn't Verified!

In order to create a playlist on Sporcle, you need to verify the email address you used during registration. Go to your Sporcle Settings to finish the process.

Report this User

Report this user for behavior that violates our Community Guidelines.

Details: